000 00665nam a2200193 4500
001 108281
003 ES-MaACL
005 20250828112809.0
007 t|
008 061121s1977 sp r ||||1| spa d
100 1 _aMontenegro Duque, Ángel.
_982456
245 1 0 _aHistoria Antigua de España /
_cautor Angel Montenegro Duque.
260 _a[Madrid] :
_bUniversidad Nacional de Educación a Distancia, Ministerio de Educación y Ciencia,
_c1977.
300 _a697 p. ;
_c30 cm.
490 1 _aUnidades didácticas ;
_v1-6
830 0 0 _aUnidades didácticas (UNED)
_v1-6
_9184098
852 _aES-MaACL
_jL-2638
_bR.103640
999 _c108281
_d108281